000 00536cam a22001934a 4500
005 20250605163610.0
008 250528s ||||||||||||||||||||||||d
035 _a22488
020 _a9789603440710
040 _aGR-AtMCL
_bgre
_dGR-AtMCL
_eAACR2
245 1 _aΤΕΣΤ ΑΝΙΧΝΕΥΣΗΣ ΤΗΣ ΑΝΑΓΝΩΣΤΙΚΗΣ ΙΚΑΝΟΤΗΤΑΣ
250 _a1
260 _bΕλληνικά Γράμματα,
_c1995
300 _a70
700 1 _aΤαφα Ευφημια
942 _cBK
999 _c7540
_d7540